000 00417nam a2200181Ia 4500
005 20240823054732.0
008 240823s9999||||xx |||||||||||||| ||und||
041 _aENGLISH
082 _A808.82 Q1
100 _aMahesh Dattani
245 0 _aTara : a stage play in two acts
250 _a1st
260 _c2011
_bSurjeet Publica
500 _aYES
650 _aEnglish
_bEnglish
942 _cBK
999 _c227156
_d227156